Los estadios de fútbol más grandes de Europa - Estadísticas

Estadísticas generales
  • Esta prueba ha sido intentada 118 veces
  • La puntuación promedio es 8 de 20
Estadísticas de respuestas
País Estadio Capacidad % Correcto
España Camp Nou 105,000
98%
España Santiago Bernabéu 83,186
98%
Reino Unido Wembley Stadium 90,652
77%
Alemania Allianz Arena 75,024
71%
Italia San Siro 80,018
69%
Reino Unido Old Trafford 74,431
64%
España Metropolitano Stadium 70,460
59%
Alemania Signal Iduna Park(Westfalenstadion) 81,365
50%
Italia Stadio Olimpico 67,585
46%
Portugal Estadio da Luz 64,642
42%
Francia Stade de France 80,698
35%
Francia Stade Vélodrome 67,394
22%
Hungría Puskás Aréna 67,155
18%
Rusia Luzhniki Stadium 78,011
16%
Alemania Olympiastadion Berlin 74,461
11%
Reino Unido London Stadium 68,013
9%
Turquía Atatürk Olympic Stadium 77,563
1%
Grecia Athens Olympic Stadium (OAKA) 72,080
0%
Reino Unido Principality Stadium (Millennium Stadium) 73,952
0%
Ucrania NSC Olimpiyskiy 70,050
0%
No se encontraron pruebas coincidentes
Distribución de puntuación
Porcentaje de gente con cada puntuación
Porcentaje por número respondido
Historial de tus puntuaciones
No has intentado esta prueba.